000 01015naa a22002897a 4500
001 BR6004833
003 BR-BrBNA
005 20240918172859.0
007 ta
008 230509b bl.||||| |||| 00| 0 por d
040 _aBR-BrBNA
_bpor
_cBiblioteca Nacional de Agricultura
041 _a(Pt)
072 _aL30
_b0170
090 _aL30 BR6004833
100 1 _aHall, G.A.B.
100 1 _aRitter, R.
111 1 _a4. Congresso Brasileiro de Avicultura
_cPorto Alegre, RS (Brazil)
_d14 Sep 1975
245 1 _aAnalises Bromatologicas de 120 variedades de sorgo em grao
260 3 _aPorto Alegre, RS (Brasil):
_c1975.
500 _aAnais do 4. Congresso Brasileiro de Avicultura Porto Alegre, RS (Brasil): 1975. p. 44-45 (BR6004833-AM)L30
650 _aNUTRICAO ANIMAL
650 _aSORGO
650 _aANALISE QUIMICA
773 0 _tAnais do 4. Congresso Brasileiro de Avicultura
_wL30 BR6004833
_gPorto Alegre, RS (Brasil), 1975. p. 44-45
909 _a202404
_bLucia
_c55
_dLucia Elande
942 _cAM
_2AGRIS
999 _c301880
_d301880